000 00532nam a2200181Ia 4500
005 20250508160505.0
008 008 250505s9999 xx 000 0 eng d
037 _aBooks to be hide in OPAC
040 _aFEDL
_beng
_cFEDL
041 _aeng
_2eng
084 _a420, ALE/O
_qFEDL
100 _aAlexander LG
_9768621
245 0 _aFirst things first: Recorded Drills: Tapescript
260 _aLondon, UK
_bLongmans, Green and Co.
_c1968
300 _avi,41p
942 _cHB
_h420, ALE/O
999 _c1364938
_d1364938